Vista normal
Vista MARC
Entrada Materia (personas)
Número de registros utilizados en: 1
001 - CONTROL NUMBER
- control field: 99725
003 - CONTROL NUMBER IDENTIFIER
- control field: Co-BoUCM
005 - DATE AND TIME OF LATEST TRANSACTION
- control field: 20200207151315.0
008 - FIXED-LENGTH DATA ELEMENTS
- fixed length control field: 200207|| aca||aabn | a|a d
040 ## - CATALOGING SOURCE
- Original cataloging agency: Co-BoUCM
- Transcribing agency: Co-BoUCM
100 ## - HEADING--PERSONAL NAME
- Personal name: Mora, Juan
- Titles and other words associated with a name: Fray
670 ## - SOURCE DATA FOUND
- Source citation: Work cat.: (Co-BoUCM)74201: Mora, Juan Fray, Enigma numérico predicable explicado en cinco tratados de números doctrinales ..., 1678